| 000 | 01080nam a2200229Ii 4500 | ||
|---|---|---|---|
| 003 | JO-AjNU | ||
| 008 | 230605s9999||||xx |||||||||||||| ||und|| | ||
| 017 | _a2014/9/4445 | ||
| 020 | _a978-9957-417-43-7 | ||
| 040 |
_aJO-AjNU _bara _erda _cJO-AjNU |
||
| 041 | _aara | ||
| 050 | 1 | 4 | _aDS109.9 2014 |
| 100 | 3 |
_aمراجعة وتحرير وتقديم ابو الشعر، هند غسان؛ اشراف الفقيه، الصادق؛ التنسيق والمتابعه هاشم، كايد؛ الاخراج الفني خلف، ميساء, _eauthor _947524 |
|
| 245 | 0 | 0 | _aالاوقاف الإسلامية والمسيحية في القدس: الأبعاد التاريخية، مصادر التوثيق والتراث المقدسي المهدد |
| 250 | _aط1 | ||
| 264 | 3 | 1 | _aعمان: منتدى الفكر العربي، 2014 |
| 300 |
_a432ص _bصور توضيحية |
||
| 336 |
_atext _btxt _2rdacontent |
||
| 337 |
_aunmediated _bn _2rdamedia |
||
| 338 |
_avolume _bnc _2rdacarrier |
||
| 650 | 4 |
_aالاماكن المقدسة- المسجد الاقصى- الكنائس _947525 |
|
| 999 |
_aA20752 _c24320 _d24320 |
||